Le langage Fortran IV.
Guardado en:
| Autor Principal: | |
|---|---|
| Formato: | Libro |
| Idioma: | French |
| Publicado: |
Paris :
Dunod,
1978.
|
| Edición: | 3a ed. |
| Materias: | |
| Etiquetas: |
Agregar Etiqueta
Sin Etiquetas, Sea el primero en etiquetar este registro!
|
| LEADER | 00492cam a2200169ua 4500 | ||
|---|---|---|---|
| 001 | MAT.inmabb006034 | ||
| 008 | 831029s1978####fr#a##########000#0#fre## | ||
| 005 | 20170503153327.0 | ||
| 245 | 1 | 3 | |a Le langage Fortran IV. |
| 250 | |a 3a ed. | ||
| 260 | |a Paris : |b Dunod, |c 1978. | ||
| 300 | |a xv, 261 p. : |b il. ; |c 24 cm. | ||
| 100 | 1 | |a Lamoitier, Jean-Pierre. | |
| 084 | |a 68 |2 msc2000 | ||
| 650 | 0 | |a FORTRAN (Computer program language) | |
| 650 | 0 | |a Computer programming. | |
| 859 | |h 68 |i L233-3 |p A-5292 |b BIB. MATEMATICA | ||
